Devinez la Capitale Mystère #79 - Statistiques

Statistiques générales
  • Ce quiz a été pris 136 fois
  • Le résultat moyen est 27 sur 35
Statistiques - réponses
Type de Réponse Réponse % Correct
Lettre Trouvée I
99%
Lettre de l'Alphabet S
99%
Lettre Trouvée A
98%
Lettre de l'Alphabet E
97%
Lettre Trouvée O
96%
Lettre Trouvée M
95%
Lettre Trouvée N
95%
Lettre Trouvée R
95%
Lettre de l'Alphabet L
94%
Lettre de l'Alphabet B
92%
Lettre de l'Alphabet T
91%
Lettre de l'Alphabet P
90%
Lettre de l'Alphabet U
90%
Lettre de l'Alphabet G
88%
Lettre de l'Alphabet D
86%
Lettre Bien Placée O
86%
Lettre de l'Alphabet C
85%
Lettre de l'Alphabet H
84%
Lettre Bien Placée M
81%
Lettre Bien Placée N
81%
Lettre de l'Alphabet K
80%
Lettre de l'Alphabet W
77%
Lettre Bien Placée O
73%
Lettre Bien Placée R
70%
Lettre Bien Placée A
63%
Lettre de l'Alphabet Y
63%
Lettre de l'Alphabet X
61%
Lettre Trouvée V
60%
Lettre de l'Alphabet Z
56%
Lettre Bien Placée I
55%
Lettre de l'Alphabet J
52%
Lettre Bien Placée V
50%
Lettre de l'Alphabet F
49%
Lettre de l'Alphabet Q
48%
Capitale Mystère Monrovia
46%
Aucun quiz correspondant
Distribution des résultats
% des personnes avec chaque résultat
Percentile par nombre de réponses
Votre historique - résultats
Vous n’avez pas pris ce quiz